Dětské pistolky nedoručujeme
Rozhovor autora článku s obchodným riaditeľom DHL v Českej republike. Aké sú základné rozdiely v zákazníckej základni zo začiatku 90. rokov a dnes. Konkurenčný boj medzi spoločnosťami, ktoré ponúkajú kuriérske služby. Typické zásielky pre konečného spotrebiteľa. Zakázané komodity.
Salvato in:
| Autore principale: | |
|---|---|
| Altri autori: | |
| Natura: | Capitolo di libro |
| Lingua: | ceco |
| Soggetti: | |
| Tags: |
Nessun Tag, puoi essere il primo ad aggiungerne!!
|
MARC
| LEADER | 00000naa a2200000 4500 | ||
|---|---|---|---|
| 001 | 0141513 | ||
| 005 | 20231019095712.0 | ||
| 041 | 0 | |a cze | |
| 044 | |a CZ | ||
| 245 | 1 | 0 | |a Dětské pistolky nedoručujeme |c Bohuslav Bohuněk, Luděk Drnec |
| 520 | |a Rozhovor autora článku s obchodným riaditeľom DHL v Českej republike. Aké sú základné rozdiely v zákazníckej základni zo začiatku 90. rokov a dnes. Konkurenčný boj medzi spoločnosťami, ktoré ponúkajú kuriérske služby. Typické zásielky pre konečného spotrebiteľa. Zakázané komodity. | ||
| 610 | 2 | 0 | |a preprava |
| 610 | 2 | 0 | |a služby dopravné |
| 610 | 2 | 0 | |a tovar |
| 610 | 2 | 0 | |a firmy |
| 610 | 2 | 0 | |a zákazníci |
| 610 | 2 | 0 | |a konkurencia |
| 100 | 1 | |a Bohuněk, Bohuslav | |
| 700 | 1 | |a Drnec, Luděk | |